| 000 | 00602 a2200169 4500 | ||
|---|---|---|---|
| 999 |
_c230 _d230 |
||
| 020 | _a9781849204156 | ||
| 050 | _aBF698.75 .WAT 2012 | ||
| 100 |
_aWatts, Simon _eauthor |
||
| 245 |
_aDoing Q methodological research : _b theory, method and interpretation / _cSimon Watts and Paul Stenner. |
||
| 264 |
_aLos Angeles : _bSage Publications, _c2012 |
||
| 300 |
_aix, 238p. : _bill. |
||
| 500 | _aIncludes bibliographical references (p. [225]-235) and index. | ||
| 650 | _aQ technique. | ||
| 650 |
_aSubjectivity--Research _xMethodology |
||
| 700 |
_aStenner, Paul. _eauthor |
||
| 942 |
_2lcc _cBK _h698.75 _iWAT _kBF |
||